000 00499nam a22001697a 4500
005 20241002071355.0
008 241002b |||||||| |||| 00| 0 eng d
020 _a409005916
041 _aEnglish
082 _a348 SOU
100 _lEnglish
245 _aThe South African Encyclopaedia of Forms and Precedents
260 _aDurban:
_bButterworth and Company Ltd,
_c1971
300 _bxx, 148 pages;
_c26 cm.
650 _aLegal practice
_bLaw
942 _cBK
_6ALISON_BN_VRIES
999 _c3188
_d3188